Сопротивление материалов. (ბიბ.ჩანაწერი № 41302)
[ მარტივი ფორმატი ]
| 000 -LEADER | |
|---|---|
| fixed length control field | 00660nam a2200229Ia 4500 |
| 001 - CONTROL NUMBER | |
| control field | 7959 |
| 003 - CONTROL NUMBER IDENTIFIER | |
| control field | GE_BSU |
| 008 - FIXED-LENGTH DATA ELEMENTS--GENERAL INFORMATION | |
| fixed length control field | 181216s||||||||xx |||||||||||||| ||und|| |
| 040 ## - CATALOGING SOURCE | |
| Transcribing agency | GE_BSU |
| 080 ## - UNIVERSAL DECIMAL CLASSIFICATION NUMBER | |
| Universal Decimal Classification number | 620.10 |
| 100 ## - MAIN ENTRY--PERSONAL NAME | |
| Personal name | Кинасошвили,Р.С. |
| 245 ## - TITLE STATEMENT | |
| Title | Сопротивление материалов. |
| 245 ## - TITLE STATEMENT | |
| Remainder of title | Краткий учебник. |
| 245 ## - TITLE STATEMENT | |
| Statement of responsibility, etc. | Ред. И.К.Снитко. |
| 250 ## - EDITION STATEMENT | |
| Edition statement | Изд. девятое, стереотипное. |
| 260 ## - PUBLICATION, DISTRIBUTION, ETC. | |
| Place of publication, distribution, etc. | М. |
| 260 ## - PUBLICATION, DISTRIBUTION, ETC. | |
| Name of publisher, distributor, etc. | Наука. |
| 260 ## - PUBLICATION, DISTRIBUTION, ETC. | |
| Date of publication, distribution, etc. | 1965. |
| 300 ## - PHYSICAL DESCRIPTION | |
| Extent | 388 стр. с илл. 21 см. |
| 653 ## - INDEX TERM--UNCONTROLLED | |
| Uncontrolled term | Сопротивление материалов. |
| 942 ## - ADDED ENTRY ELEMENTS (KOHA) | |
| Koha item type | წიგნი |
არაა ხელმისაწვდომი ეგზემპლარები.
